[Event "Boris Kostic CC-ch"]
[Site "Vrsac"]
[Date "2018.03.22"]
[Round "13"]
[White "Mitrovanov, Djordje"]
[Black "Rankov, Petar"]
[Result "1/2-1/2"]
[WhiteElo "2151"]
[BlackElo "2117"]
[PlyCount "67"]
[EventDate "2018.03.01"]
[EventType "tourn"]
[EventRounds "18"]
[EventCountry "SRB"]
[SourceTitle "EXT 2019"]
[Source "ChessBase"]
[SourceDate "2018.10.10"]
[SourceVersion "1"]
[SourceVersionDate "2018.10.10"]
[SourceQuality "1"]

1. e4 c5 2. Nf3 Nc6 3. d4 cxd4 4. Nxd4 Nf6 5. Nc3 g6 6. Nxc6 dxc6 7. Qxd8+ Kxd8 8. Bf4 Be6 9. 0-0-0+ Kc8 10. f3 Bg7 11. Be5 Nh5 12. Bxg7 Nxg7 13. Be2 b5 14. f4 Kc7 15. Bf3 Rad8 16. a3 Rxd1+ 17. Rxd1 a6 18. b4 Rd8 19. Rxd8 Kxd8 20. Nd1 Kc7 21. Ne3 f6 22. Kd2 Bd7 23. g3 Kd6 24. c3 e5 25. Ng2 Be6 26. Ke3 c5 27. Ne1 c4 28. Bd1 h5 29. a4 Bg4 30. Bc2 Bd7 31. a5 Ke7 32. Bd1 g5 33. f5 g4 34. Be2 1/2-1/2

[Event "Boris Kostic CC-ch"]
[Site "Vrsac"]
[Date "2018.03.04"]
[Round "4"]
[White "Rankov, Petar"]
[Black "Mitrovanov, Djordje"]
[Result "1/2-1/2"]
[WhiteElo "2117"]
[BlackElo "2151"]
[PlyCount "104"]
[EventDate "2018.03.01"]
[EventType "tourn"]
[EventRounds "18"]
[EventCountry "SRB"]
[SourceTitle "EXT 2019"]
[Source "ChessBase"]
[SourceDate "2018.10.10"]
[SourceVersion "1"]
[SourceVersionDate "2018.10.10"]
[SourceQuality "1"]

1. c4 Nf6 2. d4 e6 3. Nc3 Bb4 4. e3 b6 5. Bd2 Bb7 6. Nf3 Bxc3 7. Bxc3 Ne4 8. Rc1 d6 9. Be2 Nd7 10. 0-0 Nxc3 11. Rxc3 0-0 12. b4 a5 13. b5 Qe7 14. Qc2 Rac8 15. g3 e5 16. Nh4 Rce8 17. Bf3 Bxf3 18. Nxf3 f5 19. Nh4 f4 20. Rd1 f3 21. e4 exd4 22. Rxf3 Rxf3 23. Nxf3 Qxe4 24. Qxe4 Rxe4 25. Rxd4 Rxd4 26. Nxd4 Ne5 27. Ne6 c5 28. bxc6 Nxc6 29. f4 a4 30. Kf2 Nb4 31. Ke2 Nxa2 32. Kd2 Nb4 33. Nd4 a3 34. Kc3 a2 35. Nb3 Nc6 36. Kb2 Nb4 37. Ka3 Nc2+ 38. Kxa2 Ne3 39. Nd2 d5 40. cxd5 Nxd5 41. Kb3 b5 42. Nf3 Kf7 43. Nd4 Kf6 44. Nxb5 Kf5 45. Kc4 Ne3+ 46. Kd3 Nf1 47. Ke2 Nxh2 48. Kf2 h5 49. Kg2 Ng4 50. Kf3 Nh2+ 51. Kg2 Ng4 52. Kf3 Nh2+ 1/2-1/2

[Event "Vojvodina-chT2"]
[Site "Vrbas"]
[Date "2011.09.25"]
[Round "1"]
[White "Vujadinovic, Goran"]
[Black "Mitrovanov, Djordje"]
[Result "1-0"]
[WhiteElo "2370"]
[BlackElo "2134"]
[PlyCount "57"]
[EventDate "2011.09.25"]
[EventType "team-tourn"]
[EventRounds "11"]
[EventCountry "SRB"]
[SourceTitle "CBM 144 Extra"]
[Source "ChessBase"]
[SourceDate "2011.10.28"]
[SourceVersion "1"]
[SourceVersionDate "2011.10.28"]
[SourceQuality "1"]

1. g3 d5 2. Nf3 Nf6 3. Bg2 Nc6 4. 0-0 e5 5. d3 Bd6 6. c3 0-0 7. Nbd2 Ne7 8. e4 dxe4 9. dxe4 b5 10. Re1 h6 11. a4 c6 12. Bf1 Rb8 13. axb5 cxb5 14. Rxa7 Bc5 15. Ra1 Qb6 16. Re2 Ng4 17. Qe1 Qg6 18. Nh4 Qh5 19. h3 g5 20. hxg4 Qxg4 21. Ng2 Qxg3 22. Nb3 Bb6 23. Be3 Qg4 24. Rd2 Ng6 25. Bxb6 Rxb6 26. Qe2 Qe6 27. Nc5 Qe7 28. Qe3 Kg7 29. Nd7 1-0